Thoughts of an Idled Mind/ (Record no. 203986)

MARC details
000 -LEADER
fixed length control field 00647nam a22002177a 4500
005 - DATE AND TIME OF LATEST TRANSACTION
control field 20240708112309.0
010 ## - LCCN (DPL NO)
LC control number ENG-140796 ENG-140797 ENG-140798
020 ## - INTERNATIONAL STANDARD BOOK NUMBER
Terms of availability 350.00
International Standard Book Number 9789355265982
035 ## - SYSTEM CONTROL NUMBER
System control number EN-124328
035 ## - SYSTEM CONTROL NUMBER
System control number EN-124329
035 ## - SYSTEM CONTROL NUMBER
System control number EN-124330
037 ## - SOURCE OF ACQUISITION
Source of stock number/acquisition DBAD
082 ## - DEWEY DECIMAL CLASSIFICATION NUMBER
Classification number 155.25
Edition number 1
100 ## - MAIN ENTRY--PERSONAL NAME
Personal name Prasad, A. J.
245 ## - TITLE STATEMENT
Title Thoughts of an Idled Mind/
Statement of responsibility, etc A.J. Prasad
250 ## - EDITION STATEMENT
Edition statement 1
260 ## - PUBLICATION, DISTRIBUTION, ETC. (IMPRINT)
Place of publication, distribution, etc Hyderabad
Name of publisher, distributor, etc Dr A J Prasad
Date of publication, distribution, etc 2021
270 ## - ADDRESS
Address Road No 10, Banjara Hills,
City Hyderabad, Telangana
Postal code 500004
Electronic mail address jp.aluru@gmail.com
300 ## - PHYSICAL DESCRIPTION
Extent ii, 252p.
Dimensions 252cm(pb)
942 ## - ADDED ENTRY ELEMENTS (KOHA)
Source of classification or shelving scheme Dewey Decimal Classification
Item type English Books
Call number suffix PRA
Classification part 155.25
Edition 1
Holdings
Withdrawn status Lost status Not for loan Collection code Home library Current library Date acquired Source of acquisition Cost, normal purchase price Full call number Barcode Copy number Cost, replacement price Koha item type
      Non-fiction Narela Narela 08/07/2024 DBAD 350.00 PRA 155.25 EN-124330 1 350.00 English Books
      Non-fiction New Police Line New Police Line 08/07/2024 DBAD 350.00 PRA 155.25 EN-124329 1 350.00 English Books
      Non-fiction Patel Nagar Patel Nagar 08/07/2024 DBAD 350.00 PRA 155.25 EN-124328 1 350.00 English Books

© Delhi Public Library
Hit Counter
free hit counter